000 00995 a2200241 4500
999 _c5391
_d5391
020 _a0415173760 (HB)
020 _a0415173906 (PB)
050 0 0 _aLC5800STA1998
245 0 0 _aStaff development in open and flexible learning /
_cedited by Colin Latchem and Fred Lockwood.
264 _aLondon:
_RRoutledge,
_cc1998
300 _axxv, 286 p. :
_bill.
440 0 _aRoutledge studies in distance education
500 _aincludes index
504 _aIncludes bibliographical references and indexes.
650 0 _aDistance education.
650 0 _aOpen learning.
650 0 _aCollege teachers
_xIn-service training.
700 1 _aLatchem, C. R.
_q(Colin R.)
700 1 _aLockwood, Fred.
856 4 2 _3Publisher description
_uhttp://www.loc.gov/catdir/enhancements/fy0649/97030930-d.html
942 _2lcc
_cBK
_hLC5800
_iSTA
_kLC